000 00549nam a22001937a 4500
003 CEME
005 20210628205448.0
008 210304b xxu||||| |||| 00| 0 eng d
020 _a0-534-93299-1
040 _c.
082 _a519.5 MEN'S
100 _aBeaver, Robert J Reinmuth, James Emendenball, William
_975674
245 _aStatistics for management and economics
250 _a7TH
260 _aCALIFORNIA
_bDUXBURY PRESS
_c1993
300 _a1060P
650 _aSOCIAL SCIENCES STATISTICAL METHODS STATISTICS
_975675
942 _cBK
_2ddc
999 _c581066
_d581066